Workshop Barcelona : Province Convention Bureau 2012 Province Convention Bureau 2012
Descripción Física:
47 p. ; 29 cm
MARC
| LEADER | 00000nam a2200000Ia 4500 | ||
|---|---|---|---|
| 001 | 23642 | ||
| 008 | 160829s9999 xx 000 0 cat d | ||
| 080 | |a FU-60-25 | ||
| 245 | |a Workshop Barcelona : |b Province Convention Bureau 2012 | ||
| 260 | |a Barcelona : |b Diputació de Barcelona. Oficina de Promoció Turística, [s.a.] | ||
| 300 | |a 47 p. ; |c 29 cm | ||
| 650 | |a Municipis |x Govern i administració |x Relacions públiques |9 50532 | ||
| 710 | 1 | |a Barcelona (Catalunya : Província). |b Oficina de Promoció Turística |9 51402 | |
| 901 | |a Arxiu | ||
| 942 | |n 1 | ||
| 952 | |0 0 |1 0 |4 0 |6 FU6025 |7 1 |9 56107 |a Arxiu |b Arxiu |d 2016-12-01 |l 0 |o FU-60-25 |p 23642 |r 2016-12-01 00:00:00 |w 2016-12-01 |y ARXIU | ||
| 999 | |c 59983 |d 59983 | ||